000 01172nam a2200289Ia 4500
008 130821s1995 ne gr eng
020 _a0 444 81887 1
_cvol. 1
_c
020 _a978 0 444 51910 8
_cvol. 2
_c
040 _aCo-BoUCM
_bspa
041 0 0 _aeng
245 0 0 _aHandbook of defense economics
_cKeith Hartley y Todd Sandler, editores
260 _aÁmsterdam (Holanda)
_bElsevier
_c1995
300 _a2 volúmenes
490 0 _aHandbooks in Economics
_v12
504 _aIncluye referencias bibliográficas e índice.
505 0 0 _gVol. 1.
_tmilitary readinness --
_gVol. 2. Defense in a globalized world
650 _aCiencia militar
_97403
650 _aEconomía del trabajo
_926481
650 _aGuerra
_xAspectos económicos
_916573
650 _aIndustria militar
_xAspectos económicos
_917468
650 _aPolítica militar
_xAspectos económicos
_921999
700 1 _aHartley, Keith.
_eed.
700 1 _aSandler, Todd.
_eed.
856 4 1 _zConsulte la tabla de contenido haciendo clic aquí.
_uhttp://www.loc.gov/catdir/enhancements/fy0601/95040584-t.html
942 _a7
_e1
_kR
_mH236
_cLIBROREF
_2DEWEY
_h338.47
999 _c73633
_d73633